[Event "Queenstown op"]
[Site "Queenstown"]
[Date "2009.01.21"]
[Round "7"]
[White "Baider, Daniel"]
[Black "Nyberg, Michael"]
[Result "1-0"]
[WhiteElo "2125"]
[BlackElo "1969"]
[PlyCount "61"]
[EventDate "2009.01.15"]
[EventType "swiss"]
[EventRounds "10"]
[EventCountry "NZL"]
[SourceTitle "CBM 128 Extra"]
[Source "ChessBase"]
[SourceDate "2009.03.05"]
[SourceVersion "2"]
[SourceVersionDate "2009.03.25"]
[SourceQuality "1"]

1. d4 Nf6 2. Nf3 e6 3. c4 b6 4. a3 Ba6 5. Qc2 c5 6. e4 Bb7 7. Nc3 cxd4 8. Nxd4 Nc6 9. Nxc6 Bxc6 10. Be2 Qc7 11. 0-0 Bc5 12. Bg5 Qe5 13. Bxf6 gxf6 14. Kh1 Qg5 15. f4 Qh4 16. Qd2 Bf2 17. Bg4 Bc5 18. Bf3 Rg8 19. b4 Bf8 20. Rad1 Bh6 21. Ne2 Ba4 22. g3 Rxg3 23. Nxg3 Bxf4 24. Qg2 Bxd1 25. Rxd1 Ke7 26. Qf2 Qh6 27. e5 Rg8 28. exf6+ Ke8 29. Qd4 d6 30. Nh5 Be5 31. Qxe5 1-0

[Event "Queenstown op"]
[Site "Queenstown"]
[Date "2009.01.20"]
[Round "6"]
[White "Van Delft, Merijn"]
[Black "Baider, Daniel"]
[Result "1-0"]
[WhiteElo "2397"]
[BlackElo "2125"]
[PlyCount "101"]
[EventDate "2009.01.15"]
[EventType "swiss"]
[EventRounds "10"]
[EventCountry "NZL"]
[SourceTitle "CBM 128 Extra"]
[Source "ChessBase"]
[SourceDate "2009.03.05"]
[SourceVersion "2"]
[SourceVersionDate "2009.03.25"]
[SourceQuality "1"]

1. e4 e6 2. d4 d5 3. Nc3 dxe4 4. Nxe4 Nd7 5. Nf3 Ngf6 6. Nxf6+ Nxf6 7. Be3 Nd5 8. Bd2 c5 9. Ne5 a6 10. c3 Bd6 11. Qa4+ Bd7 12. Qxd7+ Qxd7 13. Nxd7 Kxd7 14. dxc5 Bxc5 15. g3 Kc7 16. Bg2 Rhd8 17. Ke2 e5 18. Rhd1 f6 19. b4 Bf8 20. a4 Nb6 21. a5 Nc4 22. Be1 Rd6 23. Rxd6 Nxd6 24. Bd5 Rd8 25. Rd1 Nf5 26. Bg8 Rxd1 27. Kxd1 h6 28. Ke2 b6 29. axb6+ Kxb6 30. Kd3 a5 31. bxa5+ Kxa5 32. Kc4 Kb6 33. Kd5 h5 34. Bh7 Nh6 35. f3 Bc5 36. h4 Be3 37. Bg6 Kc7 38. Ke6 Kc6 39. Bxh5 Kc5 40. Bg6 Kc4 41. g4 Kb3 42. Kd5 Kb2 43. c4 Kc1 44. Bb4 Kd1 45. Bf8 Ke2 46. Ke4 Bd4 47. Bxg7 Ng8 48. Bf5 Ne7 49. Bxf6 Nc6 50. h5 Nb4 51. Bxe5 1-0

[Event "Queenstown op"]
[Site "Queenstown"]
[Date "2009.01.17"]
[Round "3"]
[White "Tan, Justin Hy"]
[Black "Baider, Daniel"]
[Result "1-0"]
[WhiteElo "1870"]
[BlackElo "2125"]
[PlyCount "51"]
[EventDate "2009.01.15"]
[EventType "swiss"]
[EventRounds "10"]
[EventCountry "NZL"]
[SourceTitle "CBM 128 Extra"]
[Source "ChessBase"]
[SourceDate "2009.03.05"]
[SourceVersion "2"]
[SourceVersionDate "2009.03.25"]
[SourceQuality "1"]

1. e4 e6 2. d4 d5 3. Nc3 dxe4 4. Nxe4 Nd7 5. Nf3 Ngf6 6. Bd3 Nxe4 7. Bxe4 Nf6 8. Bg5 Qd6 9. Bxf6 gxf6 10. c3 f5 11. Bc2 Bd7 12. Qe2 0-0-0 13. Ne5 Qe7 14. Bb3 Bg7 15. f4 Bxe5 16. dxe5 Bc6 17. Qf2 Rhg8 18. Qxa7 b6 19. Bc4 b5 20. Bf1 Qh4+ 21. g3 Qh6 22. Bxb5 Bxh1 23. Ba6+ Kd7 24. 0-0-0+ Bd5 25. Bb5+ Kc8 26. Rxd5 1-0

[Event "Queenstown op"]
[Site "Queenstown"]
[Date "2009.01.16"]
[Round "2"]
[White "Baider, Daniel"]
[Black "Zawadzka, Jolanta"]
[Result "0-1"]
[WhiteElo "2125"]
[BlackElo "2385"]
[PlyCount "84"]
[EventDate "2009.01.15"]
[EventType "swiss"]
[EventRounds "10"]
[EventCountry "NZL"]
[SourceTitle "CBM 128 Extra"]
[Source "ChessBase"]
[SourceDate "2009.03.05"]
[SourceVersion "2"]
[SourceVersionDate "2009.03.25"]
[SourceQuality "1"]

1. d4 Nf6 2. Nf3 g6 3. c4 Bg7 4. g3 d6 5. Bg2 0-0 6. 0-0 Nc6 7. Nc3 Bg4 8. Ne1 Qc8 9. Nc2 e5 10. d5 Ne7 11. b4 a5 12. a3 axb4 13. axb4 Rxa1 14. Nxa1 c6 15. f3 Bd7 16. Qd3 cxd5 17. cxd5 e4 18. fxe4 Ng4 19. Bd2 Ne5 20. Qc2 Qc4 21. Nd1 Qxe2 22. Bg5 Qxc2 23. Nxc2 f6 24. Bf4 Bb5 25. Rf2 Nd3 26. Bxd6 Nxf2 27. Nxf2 Rc8 28. Bf1 Bxf1 29. Kxf1 Nxd5 30. exd5 Rxc2 31. Nd3 Rd2 32. Nc5 b6 33. Na4 Rxd5 34. Bc7 b5 35. Nc3 Rf5+ 36. Ke2 Bf8 37. g4 Bxb4 38. Ne4 Rc5 39. Nxc5 Bxc5 40. Kd3 Kf7 41. Ke4 Ke6 42. Bg3 Bd6 0-1

[Event "Wellington op"]
[Site "Wellington"]
[Date "2008.03.23"]
[Round "5"]
[White "Ker, Anthony F"]
[Black "Baider, Daniel"]
[Result "1-0"]
[WhiteElo "2330"]
[BlackElo "2050"]
[PlyCount "107"]
[EventDate "2008.03.21"]
[EventType "swiss"]
[EventRounds "6"]
[EventCountry "NZL"]
[SourceTitle "EXT 2018"]
[Source "ChessBase"]
[SourceDate "2017.10.13"]
[SourceVersion "1"]
[SourceVersionDate "2017.10.13"]
[SourceQuality "1"]

1. e4 e6 2. d4 d5 3. e5 c5 4. c3 Nc6 5. Nf3 Qb6 6. a3 c4 7. Nbd2 Na5 8. g3 Bd7 9. h4 0-0-0 10. Bh3 f5 11. exf6 gxf6 12. 0-0 Ne7 13. Re1 Rg8 14. Nf1 Nb3 15. Rb1 Nxc1 16. Qxc1 Nf5 17. Bxf5 exf5 18. N3h2 f4 19. Qxf4 Bd6 20. Qf3 Qc7 21. Kh1 f5 22. Qh5 Kb8 23. f4 Ba4 24. Re2 Qd7 25. Rbe1 Qg7 26. Nf3 h6 27. Ne5 Bxe5 28. Rxe5 Bc2 29. Re7 Qg6 30. Qxg6 Rxg6 31. R1e6 Rd6 32. Rxd6 Rxd6 33. Ne3 Be4+ 34. Kg1 Kc8 35. Re5 Rb6 36. Nxd5 Rxb2 37. Ne7+ Kd7 38. Nxf5 Bxf5 39. Rxf5 Rc2 40. Rd5+ Ke7 41. Re5+ Kd7 42. Re3 Ra2 43. f5 Rxa3 44. g4 Ra6 45. g5 hxg5 46. hxg5 Ra5 47. Re5 Ra1+ 48. Kf2 Ra2+ 49. Kf3 Rc2 50. f6 Rxc3+ 51. Kg4 Rd3 52. f7 Rxd4+ 53. Kg3 Rd3+ 54. Kf2 1-0

[Event "Wellington op"]
[Site "Wellington"]
[Date "2008.03.21"]
[Round "2"]
[White "Dive, Russell John"]
[Black "Baider, Daniel"]
[Result "0-1"]
[WhiteElo "2341"]
[BlackElo "2050"]
[PlyCount "63"]
[EventDate "2008.03.21"]
[EventType "swiss"]
[EventRounds "6"]
[EventCountry "NZL"]
[SourceTitle "EXT 2018"]
[Source "ChessBase"]
[SourceDate "2017.10.13"]
[SourceVersion "1"]
[SourceVersionDate "2017.10.13"]
[SourceQuality "1"]

1. c4 e6 2. g3 d5 3. Bg2 Nf6 4. Nf3 dxc4 5. Qa4+ c6 6. Qxc4 b5 7. Qc2 Bb7 8. 0-0 Be7 9. d4 0-0 10. e4 Nbd7 11. Rd1 Rc8 12. Qe2 Qb6 13. a4 a6 14. Nc3 Rfe8 15. Bf4 b4 16. a5 Qa7 17. Na4 c5 18. dxc5 Bxc5 19. Ne5 Bxf2+ 20. Kh1 Red8 21. Nc4 Nxe4 22. Ncb6 Nxb6 23. Nxb6 Bxb6 24. axb6 Qa8 25. Kg1 Rxd1+ 26. Rxd1 Nf6 27. Be5 Bxg2 28. Qxg2 Nd5 29. Qe4 Qc6 30. Bc7 Qc5+ 31. Qd4 Qc6 32. b3 0-1

[Event "Nelson op"]
[Site "Nelson"]
[Date "2007.10.06"]
[Round "8"]
[White "Baider, Daniel"]
[Black "Conquest, Stuart"]
[Result "0-1"]
[WhiteElo "2032"]
[BlackElo "2540"]
[PlyCount "54"]
[EventDate "2007.10.03"]
[EventType "swiss"]
[EventRounds "9"]
[EventCountry "NZL"]
[SourceTitle "CBM 120 Extra"]
[Source "ChessBase"]
[SourceDate "2007.11.01"]
[SourceVersion "1"]
[SourceVersionDate "2007.11.01"]
[SourceQuality "1"]

1. d4 g6 2. c4 Bg7 3. Nf3 c5 4. d5 d6 5. Nc3 Bxc3+ 6. bxc3 f5 7. g3 Nf6 8. Bh6 Qa5 9. Qc2 Nbd7 10. Bg2 Ne4 11. Nd2 Nxd2 12. Qxd2 Nb6 13. Bg7 Rg8 14. Qh6 Kf7 15. 0-0 Rxg7 16. e4 Qxc3 17. Rae1 Nxc4 18. f4 Ne3 19. e5 Nxf1 20. Rxf1 Qe3+ 21. Kh1 dxe5 22. d6 Be6 23. g4 exd6 24. gxf5 gxf5 25. Bf3 Rg1+ 26. Rxg1 Qxf3+ 27. Rg2 Qf1+ 0-1

[Event "Nelson op"]
[Site "Nelson"]
[Date "2007.10.06"]
[Round "7"]
[White "Baider, Daniel"]
[Black "Jones, Brian"]
[Result "1/2-1/2"]
[WhiteElo "2032"]
[BlackElo "2084"]
[PlyCount "66"]
[EventDate "2007.10.03"]
[EventType "swiss"]
[EventRounds "9"]
[EventCountry "NZL"]
[SourceTitle "CBM 120 Extra"]
[Source "ChessBase"]
[SourceDate "2007.11.01"]
[SourceVersion "1"]
[SourceVersionDate "2007.11.01"]
[SourceQuality "1"]

1. d4 d6 2. Nf3 Nf6 3. c4 g6 4. g3 Bg7 5. Bg2 0-0 6. 0-0 Nc6 7. Nc3 a6 8. e4 Bg4 9. h3 Bxf3 10. Bxf3 e5 11. d5 Nd4 12. Bg2 c5 13. dxc6 bxc6 14. Be3 Nd7 15. b4 Rb8 16. Rb1 Qe7 17. a4 Qe6 18. Qd3 Nb6 19. Rfc1 Qxc4 20. Qxc4 Nxc4 21. Bxd4 exd4 22. Nd1 Ne5 23. f4 Nd3 24. Rxc6 Nxb4 25. Rxd6 a5 26. Nf2 Nc2 27. Rc1 Ne3 28. Bf1 Rfc8 29. Rxc8+ Rxc8 30. Ng4 Bf8 31. Rb6 Rc1 32. Nxe3 dxe3 33. Rb2 Ra1 1/2-1/2

[Event "Queenstown op"]
[Site "Queenstown"]
[Date "2006.01.19"]
[Round "5"]
[White "Baider, Daniel"]
[Black "Karolyi, Tibor Jr"]
[Result "0-1"]
[WhiteElo "2079"]
[BlackElo "2364"]
[PlyCount "82"]
[EventDate "2006.01.15"]
[EventType "swiss"]
[EventRounds "10"]
[EventCountry "NZL"]
[SourceTitle "CBM 110 Extra"]
[Source "ChessBase"]
[SourceDate "2006.03.10"]
[SourceVersion "2"]
[SourceVersionDate "2006.03.10"]
[SourceQuality "1"]

1. d4 d5 2. Nf3 e6 3. c4 c6 4. cxd5 exd5 5. Nc3 Bd6 6. Bg5 Ne7 7. e3 Qb6 8. a3 Bf5 9. Qd2 Ng6 10. Nh4 Nxh4 11. Bxh4 a5 12. Be2 Nd7 13. 0-0 0-0 14. Bd3 Bxd3 15. Qxd3 Qa6 16. Qc2 Rfe8 17. Rad1 Bf8 18. Rfe1 Nb6 19. e4 dxe4 20. Rxe4 Rxe4 21. Qxe4 Qc4 22. Re1 h6 23. Re3 Qb3 24. Rg3 Qxb2 25. h3 Qc1+ 26. Kh2 Nc4 27. Qe2 Nd2 28. Nd1 Bd6 29. Ne3 Re8 30. Qg4 Bxg3+ 31. Bxg3 Re6 32. Be5 Rg6 33. Qc8+ Kh7 34. Qf5 Nf1+ 35. Nxf1 Qxf1 36. Bg3 Qc4 37. h4 Qd5 38. Qb1 b5 39. f3 Kg8 40. Be5 Re6 41. Qd3 Rxe5 0-1